000 00472nam a2200193Ia 4500
005 20240823050848.0
008 240823s9999||||xx |||||||||||||| ||und||
020 _a81-7036-789-1
041 _aENGLISH
082 _A346.540138 P0
100 _aAmita Dhanda
245 0 _aLegal Order and Mental Disorder
250 _a1st
260 _c2000
_bSage Publications India P.
_aNEW DELHI
500 _aYES
650 _aGeneral
_bGeneral
942 _cBK
999 _c218228
_d218228